|
|
|
|
| LEADER |
01763nam a2200505 a 4500 |
| 001 |
nkc20112163977 |
| 003 |
CZ PrNK |
| 005 |
20140212105949.0 |
| 007 |
ta |
| 008 |
110131s2010 xr a e 000 0 cze |
| 015 |
|
|
|a cnb002163977
|
| 020 |
|
|
|a 978-80-7394-254-0
|q (brož.)
|
| 035 |
|
|
|a (OCoLC)713796292
|
| 040 |
|
|
|a OLA001
|b cze
|d ABA001
|
| 072 |
|
7 |
|a 637
|x Živočišné produkty
|2 Konspekt
|9 24
|
| 080 |
|
|
|a 663/664-021.465
|2 MRF
|
| 080 |
|
|
|a [631.57+637]-021.465
|2 MRF
|
| 080 |
|
|
|a 575.113.088.7
|2 MRF
|
| 080 |
|
|
|a 637.5'62
|2 MRF
|
| 080 |
|
|
|a 637.1
|2 MRF
|
| 080 |
|
|
|a (083.744)
|2 MRF
|
| 245 |
0 |
0 |
|a Genetické markery pro kvalitu masa a mléka :
|b certifikovaná metodika /
|c Jindřich Čítek ... [et al.]
|
| 250 |
|
|
|a 1. vyd.
|
| 260 |
|
|
|a V Českých Budějovicích :
|b Jihočeská univerzita, Zemědělská fakulta,
|c 2010
|
| 300 |
|
|
|a 29 s. :
|b il. ;
|c 21 cm
|
| 500 |
|
|
|a 20 výt.
|
| 504 |
|
|
|a Obsahuje bibliografii
|
| 650 |
0 |
7 |
|a kvalita potravin
|7 ph135653
|2 czenas
|
| 650 |
0 |
7 |
|a kvalita zemědělských produktů
|7 ph163865
|2 czenas
|
| 650 |
0 |
7 |
|a genetické markery
|7 ph120488
|2 czenas
|
| 650 |
0 |
7 |
|a hovězí maso
|7 ph137712
|2 czenas
|
| 650 |
0 |
7 |
|a mléko
|7 ph115334
|2 czenas
|
| 650 |
0 |
9 |
|a food quality
|2 eczenas
|
| 650 |
0 |
9 |
|a quality of agricultural products
|2 eczenas
|
| 650 |
0 |
9 |
|a genetic markers
|2 eczenas
|
| 650 |
0 |
9 |
|a beef
|2 eczenas
|
| 650 |
0 |
9 |
|a milk
|2 eczenas
|
| 655 |
|
7 |
|a certifikované metodiky
|7 fd806827
|2 czenas
|
| 655 |
|
9 |
|a certified methodology
|2 eczenas
|
| 700 |
1 |
|
|a Čítek, Jindřich,
|d 1959-
|7 jx20050722092
|4 aut
|
| 910 |
2 |
|
|a BOA001
|b 2-1261.524
|
| 990 |
|
|
|a BK
|
| 995 |
|
|
|a 01
|
| 991 |
|
|
|b 201103
|c NOV
|e n
|
| 996 |
6 |
|
|b 2610468519
|c 2-1261.524
|l MZK
|r Sklad / do 1 hodiny
|n 13
|p p.v.
|w 001169786
|u 000010
|a 1
|e BOA001
|j MZK50
|s P
|